000 nam a22 a 4500
999 _c164363
_d164363
003 BLK
005 20221130085336.0
008 180410b bul|||||r ||||||| ||bul||
040 _aBLK
041 _aBUL
_cBUL
080 _aБългарска литература
_b821.163.2
_x-31
_z821.163.2-31
100 1 _aВълчев, Йордан Тодоров
_eпърви автор
_9363282
139 _aВълчев, Йордан Тодоров
_bВ 95
245 1 0 _aСтъпала към небе
_bРоман
_cЙордан Вълчев.
257 _aBGR
260 _aВарна
_bГеорги Бакалов
_c1979
300 _a464 с.
_c21 см
380 _aX
500 _aВ кн. означено 2. изд.
852 _aЦб 98571
856 4 _qpdf
_i0.00
_ldisable
856 4 _qpdf
_i0.00
_ldisable
942 _cKNG
_n0
_s1
944 _aCR
_c21.02.2015
_kМилена_Ачева
944 _aED
_c21.02.2015
_kМилена_Ачева
999 _d164363